[Event "Bundesliga 9495"]
[Site "Deutschland"]
[Date "1994.??.??"]
[Round "?.7"]
[White "Mainka, Romuald"]
[Black "Seul, Georg"]
[Result "1-0"]
[WhiteElo "2485"]
[BlackElo "2435"]
[PlyCount "141"]
[EventDate "1994.10.??"]
[EventType "team"]
[EventRounds "15"]
[EventCountry "GER"]
[SourceTitle "Bundesliga 9495"]
[Source "DeepChess"]
[SourceDate "2005.01.01"]
[SourceVersion "1"]
[SourceVersionDate "2005.01.01"]
[SourceQuality "1"]
[WhiteTeam "SG Porz e.V."]
[BlackTeam "SG 1868 Aljech. Solingen"]
[WhiteTeamCountry "GER"]
[BlackTeamCountry "GER"]

1. e4 Nf6 2. e5 Nd5 3. d4 d6 4. Nf3 g6 5. Bc4 c6 6. O-O Bg7 7. h3 O-O 8. Qe2
dxe5 9. dxe5 Qc7 10. Re1 Rd8 11. a3 Na6 12. b4 Qd7 13. Bb3 Nac7 14. c4 Nb6 15.
Nc3 Qe8 16. a4 a5 17. b5 Nd7 18. Ba3 Ne6 19. Qe3 Qf8 20. h4 c5 21. Nd5 b6 22.
Rad1 Bb7 23. Bb2 Rac8 24. Ng5 h6 25. Nf3 Kh8 26. Re2 Qe8 27. Red2 Rb8 28. Bc2
Ba8 29. Qe4 Nd4 30. Qf4 Nxc2 31. Rxc2 Nf8 32. Rcd2 Ne6 33. Qe3 Qf8 34. Rd3 Qe8
35. Nh2 Rdc8 36. Ng4 Qf8 37. Bc3 Re8 38. Nf4 Nxf4 39. Qxf4 h5 40. Ne3 Bh6 41.
e6+ f6 42. Qg3 Qg8 43. Nd5 Bxd5 44. cxd5 Kh7 45. d6 Qxe6 46. dxe7 Rb7 47. Rd6
Qg4 48. Qxg4 hxg4 49. Bxf6 Bg7 50. Bg5 Bd4 51. Rd8 Rexe7 52. Bxe7 Rxe7 53.
R8xd4 cxd4 54. Rxd4 g3 55. fxg3 Re3 56. Kh2 Ra3 57. Kh3 Kh6 58. Rc4 Kg7 59. Kg4
Kh6 60. Kf4 Kh5 61. Rd4 Ra2 62. Ke5 Rxg2 63. Kd5 Rc2 64. Rc4 Rf2 65. Kc6 Rf6+
66. Kb7 Rd6 67. Ka6 Re6 68. Rc6 Re4 69. Rxb6 Rxa4 70. Re6 Rb4 71. Kxa5 1-0

[Event "Bundesliga 9495"]
[Site "Deutschland"]
[Date "1994.??.??"]
[Round "?.8"]
[White "Schmidt, Bodo"]
[Black "Ostermeyer, Peter"]
[Result "1/2-1/2"]
[WhiteElo "2365"]
[BlackElo "2390"]
[PlyCount "72"]
[EventDate "1994.10.??"]
[EventType "team"]
[EventRounds "15"]
[EventCountry "GER"]
[SourceTitle "Bundesliga 9495"]
[Source "DeepChess"]
[SourceDate "2005.01.01"]
[SourceVersion "1"]
[SourceVersionDate "2005.01.01"]
[SourceQuality "1"]
[WhiteTeam "SG 1868 Aljech. Solingen"]
[BlackTeam "SG Porz e.V."]
[WhiteTeamCountry "GER"]
[BlackTeamCountry "GER"]

1. Nf3 f5 2. d4 Nf6 3. g3 e6 4. Bg2 d5 5. O-O Bd6 6. c4 c6 7. Nc3 O-O 8. c5 Be7
9. Bf4 b6 10. b4 a5 11. Na4 Nfd7 12. cxb6 Nxb6 13. bxa5 Nxa4 14. Qxa4 Rxa5 15.
Qc2 Bd6 16. Rfc1 Ba6 17. a4 Bxf4 18. gxf4 Rf7 19. Ne5 Rb7 20. e3 Qc7 21. h3 Rb4
22. Rcb1 Rxb1+ 23. Rxb1 Bb7 24. Qb3 Ra7 25. Qb6 Qxb6 26. Rxb6 Kf8 27. Bf1 Ke7
28. a5 Nd7 29. Rb2 Nxe5 30. fxe5 Kd7 31. a6 Bc8 32. Kh2 Kc7 33. Ra2 Kb6 34.
Rb2+ Kc7 35. Ra2 Kb6 36. Rb2+ Kc7 1/2-1/2

[Event "Bundesliga 9495"]
[Site "Deutschland"]
[Date "1995.??.??"]
[Round "?.1"]
[White "Adams, Michael"]
[Black "Rozentalis, Eduardas"]
[Result "1/2-1/2"]
[WhiteElo "2655"]
[BlackElo "2600"]
[PlyCount "133"]
[EventDate "1994.10.??"]
[EventType "team"]
[EventRounds "15"]
[EventCountry "GER"]
[SourceTitle "Bundesliga 9495"]
[Source "DeepChess"]
[SourceDate "2005.01.01"]
[SourceVersion "1"]
[SourceVersionDate "2005.01.01"]
[SourceQuality "1"]
[WhiteTeam "SG 1868 Aljech. Solingen"]
[BlackTeam "SK Zaehringen 1921"]
[WhiteTeamCountry "GER"]
[BlackTeamCountry "GER"]

1. e4 e6 2. d4 d5 3. Nd2 c5 4. Ngf3 Nf6 5. exd5 exd5 6. Bb5+ Bd7 7. Bxd7+ Nbxd7
8. O-O Be7 9. dxc5 Nxc5 10. Re1 O-O 11. Nf1 Nce4 12. Be3 a6 13. Bd4 Re8 14. c3
Qc7 15. Ne3 Rad8 16. Qb3 Bc5 17. Rad1 b5 18. Bxc5 Qxc5 19. Rd4 Re6 20. Red1 h6
21. a3 Qb6 22. g3 Nc5 23. Qc2 Qc6 24. c4 Na4 25. Nxd5 Rde8 26. Nxf6+ Rxf6 27.
Rd8 Rfe6 28. Nd4 Qe4 29. Qxe4 Rxe4 30. Rxe8+ Rxe8 31. b3 Nc3 32. Rc1 Re4 33.
Rxc3 Rxd4 34. Kf1 Kf8 35. Ke2 bxc4 36. Rxc4 Rd6 37. b4 Ke7 38. Ke3 h5 39. a4 g6
40. b5 axb5 41. axb5 Rb6 42. Rb4 Kd7 43. h4 Kc7 44. Kd3 Rf6 45. Rf4 Rd6+ 46.
Ke3 f6 47. Rd4 Re6+ 48. Re4 Rb6 49. Rb4 Re6+ 50. Kd3 Re5 51. Rc4+ Kb7 52. Rf4
g5 53. Rxf6 gxh4 54. gxh4 Rxb5 55. Rf4 Kc6 56. Rd4 Kc5 57. Ke3 Rb1 58. Rd8 Rh1
59. f4 Rxh4 60. f5 Rh1 61. Kf2 Ra1 62. Rd7 Kc6 63. Rd4 Ra5 64. Rf4 Kd7 65. f6
Ke8 66. f7+ Kf8 67. Kg3 1/2-1/2

[Event "Bundesliga 9495"]
[Site "Deutschland"]
[Date "1995.??.??"]
[Round "?.2"]
[White "Siegel, Georg"]
[Black "Chandler, Murray G"]
[Result "1/2-1/2"]
[WhiteElo "2505"]
[BlackElo "2535"]
[PlyCount "49"]
[EventDate "1994.10.??"]
[EventType "team"]
[EventRounds "15"]
[EventCountry "GER"]
[SourceTitle "Bundesliga 9495"]
[Source "DeepChess"]
[SourceDate "2005.01.01"]
[SourceVersion "1"]
[SourceVersionDate "2005.01.01"]
[SourceQuality "1"]
[WhiteTeam "SK Zaehringen 1921"]
[BlackTeam "SG 1868 Aljech. Solingen"]
[WhiteTeamCountry "GER"]
[BlackTeamCountry "GER"]

1. d4 f5 2. g3 Nf6 3. Bg2 e6 4. Nf3 d5 5. O-O Bd6 6. b3 Qe7 7. c4 c6 8. Bb2 O-O
9. Qc1 a5 10. Ba3 Ne4 11. Bxd6 Qxd6 12. Nc3 Nd7 13. Qb2 b6 14. cxd5 exd5 15.
Rac1 Bb7 16. a3 Rae8 17. e3 Ba6 18. Rfd1 Qf6 19. b4 axb4 20. axb4 Bc4 21. Nd2
Nxd2 22. Qxd2 b5 23. Ra1 Ra8 24. Qb2 Qd6 25. Ra3 1/2-1/2

[Event "Bundesliga 9495"]
[Site "Deutschland"]
[Date "1995.??.??"]
[Round "?.3"]
[White "Lau, Ralf"]
[Black "Schmaltz, Roland"]
[Result "1/2-1/2"]
[WhiteElo "2490"]
[BlackElo "2450"]
[PlyCount "88"]
[EventDate "1994.10.??"]
[EventType "team"]
[EventRounds "15"]
[EventCountry "GER"]
[SourceTitle "Bundesliga 9495"]
[Source "DeepChess"]
[SourceDate "2005.01.01"]
[SourceVersion "1"]
[SourceVersionDate "2005.01.01"]
[SourceQuality "1"]
[WhiteTeam "SG 1868 Aljech. Solingen"]
[BlackTeam "SK Zaehringen 1921"]
[WhiteTeamCountry "GER"]
[BlackTeamCountry "GER"]

1. e4 g6 2. d4 Bg7 3. Nc3 d6 4. f4 Nf6 5. Nf3 O-O 6. Be3 Nc6 7. Qd2 e6 8. h3 b6
9. a3 Ne7 10. Bd3 Bb7 11. O-O c5 12. dxc5 dxc5 13. Rad1 Qc8 14. Ne5 Rd8 15. Qf2
Ne8 16. Rd2 Nd6 17. Rfd1 Qc7 18. Qh4 a6 19. a4 Nc6 20. Ng4 Ne8 21. f5 exf5 22.
exf5 Ne5 23. Nh6+ Bxh6 24. Bxh6 Nxd3 25. Rxd3 Rxd3 26. Rxd3 Qe5 27. Re3 Qd6 28.
Ne4 Qd8 29. Qe1 Bxe4 30. Rxe4 Nd6 31. Re5 Qf6 32. fxg6 hxg6 33. Bd2 Nf5 34. Bc3
Nd4 35. a5 bxa5 36. Rxc5 Qd6 37. Re5 Ne6 38. Qh4 Ng7 39. Rxa5 Qd1+ 40. Kh2 Nh5
41. Rxh5 Qxh5 42. Qf6 Qh6 43. Kh1 Qc1+ 44. Kh2 Qh6 1/2-1/2

[Event "Bundesliga 9495"]
[Site "Deutschland"]
[Date "1995.??.??"]
[Round "?.4"]
[White "Brendel, Oliver"]
[Black "Podzielny, Karl Heinz"]
[Result "1/2-1/2"]
[WhiteElo "2385"]
[BlackElo "2455"]
[PlyCount "123"]
[EventDate "1994.10.??"]
[EventType "team"]
[EventRounds "15"]
[EventCountry "GER"]
[SourceTitle "Bundesliga 9495"]
[Source "DeepChess"]
[SourceDate "2005.01.01"]
[SourceVersion "1"]
[SourceVersionDate "2005.01.01"]
[SourceQuality "1"]
[WhiteTeam "SK Zaehringen 1921"]
[BlackTeam "SG 1868 Aljech. Solingen"]
[WhiteTeamCountry "GER"]
[BlackTeamCountry "GER"]

1. e4 c5 2. Nf3 e6 3. d4 cxd4 4. Nxd4 a6 5. Bd3 Nf6 6. O-O Qc7 7. Kh1 d6 8. f4
Nbd7 9. c4 Be7 10. Qe2 h5 11. Nc3 g6 12. f5 Ne5 13. Nf3 Nfg4 14. Nxe5 Nxe5 15.
Bf4 Bf6 16. Be3 Qe7 17. Na4 Bd7 18. Nb6 Rd8 19. Nxd7 Rxd7 20. Rad1 O-O 21. b4
Rc8 22. c5 Ng4 23. fxg6 fxg6 24. Kg1 Be5 25. Bc4 Kg7 26. Bb3 dxc5 27. Rxd7 Qxd7
28. bxc5 Qe7 29. Qf3 Nf6 30. Qh3 Rc6 31. Qh4 Rc7 32. Qg5 Ng4 33. Qxe7+ Rxe7 34.
Rd1 h4 35. Bd4 Bxd4+ 36. Rxd4 Kf6 37. e5+ Kg5 38. Rd6 Nxe5 39. Rxe6 Rxe6 40.
Bxe6 Nd3 41. c6 bxc6 42. Bc4 Nc5 43. g3 a5 44. Kg2 Nd7 45. Kh3 hxg3 46. Kxg3
Ne5 47. Bb3 c5 48. h4+ Kf6 49. Kf4 c4 50. Ba4 Nd3+ 51. Ke3 Ke5 52. Bb5 Kd5 53.
Be8 Ne5 54. Ba4 Nc6 55. Bc2 Ne7 56. Kd2 Ke5 57. Kc3 Nd5+ 58. Kb2 Nf4 59. Ka3
Kd4 60. Ka4 Nd3 61. Kxa5 Kc3 62. Kb5 1/2-1/2

[Event "Bundesliga 9495"]
[Site "Deutschland"]
[Date "1995.??.??"]
[Round "?.5"]
[White "Reeh, Oliver"]
[Black "Vatter, Hans Joachim"]
[Result "1/2-1/2"]
[WhiteElo "2450"]
[BlackElo "2345"]
[PlyCount "99"]
[EventDate "1994.10.??"]
[EventType "team"]
[EventRounds "15"]
[EventCountry "GER"]
[SourceTitle "Bundesliga 9495"]
[Source "DeepChess"]
[SourceDate "2005.01.01"]
[SourceVersion "1"]
[SourceVersionDate "2005.01.01"]
[SourceQuality "1"]
[WhiteTeam "SG 1868 Aljech. Solingen"]
[BlackTeam "SK Zaehringen 1921"]
[WhiteTeamCountry "GER"]
[BlackTeamCountry "GER"]

1. e4 c5 2. Nf3 Nc6 3. d4 cxd4 4. Nxd4 e5 5. Nb5 a6 6. N5c3 h6 7. Nd5 Nf6 8.
Nbc3 Bc5 9. Be3 d6 10. Nxf6+ Qxf6 11. Nd5 Qd8 12. c3 O-O 13. b4 Bxe3 14. Nxe3
Be6 15. Bc4 Rc8 16. Bxe6 fxe6 17. Qb3 Qf6 18. O-O Kh8 19. Rad1 Rcd8 20. a4 Ne7
21. b5 axb5 22. Qxb5 Rf7 23. Qxb7 Nd5 24. Nxd5 Rxb7 25. Nxf6 gxf6 26. Rd3 Ra7
27. Rfd1 Rxa4 28. f3 Ra6 29. c4 Rc6 30. c5 Rxc5 31. Rxd6 Rxd6 32. Rxd6 Rc2 33.
Rxe6 Kg7 34. h4 h5 35. Ra6 Re2 36. Ra1 Rc2 37. Rf1 Rb2 38. g3 Kg6 39. Rf2 Rb1+
40. Kg2 Rb4 41. Re2 Rb3 42. f4 exf4 43. gxf4 Kf7 44. e5 fxe5 45. Rxe5 Kg6 46.
Rg5+ Kh6 47. f5 Ra3 48. Rg6+ Kh7 49. Rg3 Ra4 50. Kh3 1/2-1/2

[Event "Bundesliga 9495"]
[Site "Deutschland"]
[Date "1995.??.??"]
[Round "?.7"]
[White "Zysk, Robert"]
[Black "Gruenenwald, Joerg"]
[Result "1-0"]
[WhiteElo "2450"]
[BlackElo "2305"]
[PlyCount "41"]
[EventDate "1994.10.??"]
[EventType "team"]
[EventRounds "15"]
[EventCountry "GER"]
[SourceTitle "Bundesliga 9495"]
[Source "DeepChess"]
[SourceDate "2005.01.01"]
[SourceVersion "1"]
[SourceVersionDate "2005.01.01"]
[SourceQuality "1"]
[WhiteTeam "SG 1868 Aljech. Solingen"]
[BlackTeam "SK Zaehringen 1921"]
[WhiteTeamCountry "GER"]
[BlackTeamCountry "GER"]

1. d4 Nf6 2. Nf3 g6 3. c4 Bg7 4. Nc3 O-O 5. e4 d6 6. h3 c5 7. d5 e6 8. Bd3 exd5
9. cxd5 b5 10. Nxb5 Nxe4 11. Bxe4 Re8 12. Ng5 h6 13. Ne6 Qa5+ 14. Nc3 Bxc3+ 15.
bxc3 Qxc3+ 16. Bd2 Qc4 17. Qf3 Bxe6 18. Rc1 Qa4 19. O-O Bg4 20. Qxg4 Qxe4 21.
Rfe1 1-0

[Event "Bundesliga 9495"]
[Site "Deutschland"]
[Date "1995.??.??"]
[Round "?.8"]
[White "Weidemann, Joerg"]
[Black "Seul, Georg"]
[Result "1/2-1/2"]
[WhiteElo "2295"]
[BlackElo "2440"]
[PlyCount "143"]
[EventDate "1994.10.??"]
[EventType "team"]
[EventRounds "15"]
[EventCountry "GER"]
[SourceTitle "Bundesliga 9495"]
[Source "DeepChess"]
[SourceDate "2005.01.01"]
[SourceVersion "1"]
[SourceVersionDate "2005.01.01"]
[SourceQuality "1"]
[WhiteTeam "SK Zaehringen 1921"]
[BlackTeam "SG 1868 Aljech. Solingen"]
[WhiteTeamCountry "GER"]
[BlackTeamCountry "GER"]

1. e4 d6 2. d4 g6 3. Nc3 c6 4. a4 Bg7 5. Be2 Nf6 6. Nf3 O-O 7. O-O Nbd7 8. h3
Qc7 9. Be3 b6 10. Qd2 Bb7 11. Rfd1 a6 12. Bh6 b5 13. Bxg7 Kxg7 14. Qe3 e5 15.
dxe5 dxe5 16. Bd3 Rfe8 17. Nh4 h6 18. Ne2 Nh5 19. c4 bxa4 20. Bc2 Rad8 21. Bxa4
Nf4 22. Nxf4 exf4 23. Qc3+ Kh7 24. Bc2 Ne5 25. Nf3 Nxf3+ 26. Qxf3 c5 27. Rxd8
Rxd8 28. Rd1 Rxd1+ 29. Qxd1 Kg7 30. Qd3 Qe5 31. b3 Bc8 32. Bd1 h5 33. Qd5 Qxd5
34. exd5 Kf6 35. Kf1 Ke5 36. Ke2 Ke4 37. Kd2 Bd7 38. Kc3 a5 39. Bc2+ Ke5 40. h4
Be8 41. Bd1 f6 42. Kd2 Kd4 43. Bc2 g5 44. g3 Ke5 45. Bd1 g4 46. Bc2 f5 47. Ke2
Bd7 48. Bd3 Kd4 49. Kd2 f3 50. Bf1 a4 51. bxa4 Bxa4 52. Bd3 Bd7 53. Bf1 Bc8 54.
Bd3 Bd7 55. Bf1 f4 56. gxf4 Ke4 57. Bd3+ Kxf4 58. Bg6 g3 59. fxg3+ Kxg3 60.
Bxh5 f2 61. Be2 Kxh4 62. Ke3 Kg3 63. Bf1 Bg4 64. Ke4 Bh3 65. Be2 Bg4 66. Bd3
Bh3 67. d6 Kg2 68. Kf4 Kg1 69. Kg3 Bc8 70. Kf4 Bh3 71. Ke5 Kg2 72. Kf4 1/2-1/2

[Event "Bundesliga 9495"]
[Site "Deutschland"]
[Date "1994.??.??"]
[Round "?.1"]
[White "Adams, Michael"]
[Black "Zude, Arno"]
[Result "1/2-1/2"]
[WhiteElo "2640"]
[BlackElo "2435"]
[PlyCount "77"]
[EventDate "1994.10.??"]
[EventType "team"]
[EventRounds "15"]
[EventCountry "GER"]
[SourceTitle "Bundesliga 9495"]
[Source "DeepChess"]
[SourceDate "2005.01.01"]
[SourceVersion "1"]
[SourceVersionDate "2005.01.01"]
[SourceQuality "1"]
[WhiteTeam "SG 1868 Aljech. Solingen"]
[BlackTeam "SV 1920 Hofheim"]
[WhiteTeamCountry "GER"]
[BlackTeamCountry "GER"]

1. e4 e5 2. Nc3 Nf6 3. f4 d5 4. fxe5 Nxe4 5. Nf3 Be7 6. Qe2 Nxc3 7. dxc3 O-O 8.
Bf4 c6 9. O-O-O Na6 10. Nd4 Nc5 11. Qe3 Bg4 12. Re1 Ne6 13. Kb1 c5 14. Nxe6
Bxe6 15. h4 d4 16. Qg3 Qa5 17. c4 Rfe8 18. h5 Bf8 19. b3 b5 20. cxb5 a6 21. b6
Rab8 22. Bd3 c4 23. Bxc4 Bxc4 24. e6 Rxb6 25. exf7+ Bxf7 26. Rxe8 Bxe8 27. Bc7
Qc5 28. Bxb6 Qxb6 29. Qe5 Bf7 30. Rd1 Qc5 31. Re1 h6 32. Re4 Qb4 33. g4 Bc5 34.
Qf5 Qc3 35. Qc8+ Bf8 36. Qxa6 Bd5 37. Re8 Bc6 38. Re2 Bf3 39. Qe6+ 1/2-1/2

[Event "Bundesliga 9495"]
[Site "Deutschland"]
[Date "1994.??.??"]
[Round "?.2"]
[White "Pirrot, Dieter"]
[Black "Norwood, David"]
[Result "1/2-1/2"]
[WhiteElo "2395"]
[BlackElo "2545"]
[PlyCount "82"]
[EventDate "1994.10.??"]
[EventType "team"]
[EventRounds "15"]
[EventCountry "GER"]
[SourceTitle "Bundesliga 9495"]
[Source "DeepChess"]
[SourceDate "2005.01.01"]
[SourceVersion "1"]
[SourceVersionDate "2005.01.01"]
[SourceQuality "1"]
[WhiteTeam "SV 1920 Hofheim"]
[BlackTeam "SG 1868 Aljech. Solingen"]
[WhiteTeamCountry "GER"]
[BlackTeamCountry "GER"]

1. e4 g6 2. d4 Bg7 3. Nc3 c6 4. Nf3 d6 5. a4 Nf6 6. a5 O-O 7. h3 Nbd7 8. Be3
Rb8 9. d5 Nc5 10. Nd2 cxd5 11. exd5 b6 12. b4 Ncd7 13. a6 Ne8 14. Nb5 Ra8 15.
Nf3 Nb8 16. Nfd4 Bxa6 17. Bc4 Qc8 18. Qd3 Bxb5 19. Bxb5 Nc7 20. c4 a6 21. Bc6
Nxc6 22. Nxc6 Qd7 23. Rd1 b5 24. c5 dxc5 25. Bxc5 Rfe8 26. O-O e6 27. Ne7+ Rxe7
28. Bxe7 Nxd5 29. Bc5 Qc6 30. Qa3 Nc3 31. Rd6 Qe4 32. Rxa6 Rd8 33. Rd6 Rxd6 34.
Bxd6 h5 35. Bc5 Qd3 36. Qa8+ Kh7 37. Qf3 Ne2+ 38. Kh1 Qxf3 39. gxf3 Nf4 40. Kh2
Be5 41. Rb1 g5 1/2-1/2

[Event "Bundesliga 9495"]
[Site "Deutschland"]
[Date "1994.??.??"]
[Round "?.3"]
[White "Lau, Ralf"]
[Black "Rechel, Bernd"]
[Result "1-0"]
[WhiteElo "2515"]
[BlackElo "2410"]
[PlyCount "59"]
[EventDate "1994.10.??"]
[EventType "team"]
[EventRounds "15"]
[EventCountry "GER"]
[SourceTitle "Bundesliga 9495"]
[Source "DeepChess"]
[SourceDate "2005.01.01"]
[SourceVersion "1"]
[SourceVersionDate "2005.01.01"]
[SourceQuality "1"]
[WhiteTeam "SG 1868 Aljech. Solingen"]
[BlackTeam "SV 1920 Hofheim"]
[WhiteTeamCountry "GER"]
[BlackTeamCountry "GER"]

1. e4 c5 2. Nc3 a6 3. f4 b5 4. Nf3 Bb7 5. d3 e6 6. g3 d6 7. Bg2 Nf6 8. O-O Be7
9. e5 dxe5 10. fxe5 Nfd7 11. Ng5 Bxg5 12. Bxb7 Bxc1 13. Qxc1 Ra7 14. Qf4 O-O
15. Bg2 Qc7 16. Rae1 b4 17. Nd1 Nc6 18. Bxc6 Qxc6 19. Ne3 Nb6 20. Qh4 Qc7 21.
Ng4 Qd8 22. Qh5 Qd4+ 23. Rf2 Nd7 24. Re4 Qd5 25. Ne3 Qa8 26. Rh4 f5 27. Qxh7+
Kf7 28. Nc4 Rg8 29. Rh6 Qf8 30. Qg6+ 1-0

[Event "Bundesliga 9495"]
[Site "Deutschland"]
[Date "1994.??.??"]
[Round "?.4"]
[White "Reschke, Stefan"]
[Black "Podzielny, Karl Heinz"]
[Result "1/2-1/2"]
[WhiteElo "2385"]
[BlackElo "2465"]
[PlyCount "73"]
[EventDate "1994.10.??"]
[EventType "team"]
[EventRounds "15"]
[EventCountry "GER"]
[SourceTitle "Bundesliga 9495"]
[Source "DeepChess"]
[SourceDate "2005.01.01"]
[SourceVersion "1"]
[SourceVersionDate "2005.01.01"]
[SourceQuality "1"]
[WhiteTeam "SV 1920 Hofheim"]
[BlackTeam "SG 1868 Aljech. Solingen"]
[WhiteTeamCountry "GER"]
[BlackTeamCountry "GER"]

1. c4 Nf6 2. Nf3 e6 3. g3 b6 4. Bg2 Bb7 5. b3 c5 6. O-O Be7 7. Bb2 d6 8. e3 O-O
9. Qe2 Nbd7 10. Nc3 a6 11. Ne1 Bxg2 12. Nxg2 Re8 13. f4 d5 14. d3 b5 15. cxb5
d4 16. exd4 cxd4 17. Ne4 axb5 18. Bxd4 Nb6 19. Bb2 Nbd5 20. a3 b4 21. a4 Nc3
22. Nxc3 bxc3 23. Bxc3 Qb6+ 24. Kh1 Qxb3 25. Qb2 Qd5 26. Qb5 Reb8 27. Qxd5 Nxd5
28. Be5 Rb4 29. Rfb1 Raxa4 30. Rxb4 Rxa1+ 31. Bxa1 Bxb4 32. Kg1 Bc5+ 33. Kf1 f6
34. h3 f5 35. Ne1 Nb4 36. Bc3 Nc6 37. Nf3 1/2-1/2

[Event "Bundesliga 9495"]
[Site "Deutschland"]
[Date "1994.??.??"]
[Round "?.6"]
[White "Zude, Erik"]
[Black "Schaefer, Markus"]
[Result "0-1"]
[WhiteElo "2365"]
[BlackElo "2455"]
[PlyCount "100"]
[EventDate "1994.10.??"]
[EventType "team"]
[EventRounds "15"]
[EventCountry "GER"]
[SourceTitle "Bundesliga 9495"]
[Source "DeepChess"]
[SourceDate "2005.01.01"]
[SourceVersion "1"]
[SourceVersionDate "2005.01.01"]
[SourceQuality "1"]
[WhiteTeam "SV 1920 Hofheim"]
[BlackTeam "SG 1868 Aljech. Solingen"]
[WhiteTeamCountry "GER"]
[BlackTeamCountry "GER"]

1. e4 e6 2. d4 d5 3. e5 c5 4. c3 Qb6 5. Nf3 Bd7 6. a3 cxd4 7. cxd4 Bb5 8. Bxb5+
Qxb5 9. Nc3 Qd7 10. O-O Ne7 11. Ne2 Ng6 12. Ng3 Be7 13. Nh5 O-O 14. Re1 Nc6 15.
Qe2 Rae8 16. b4 a6 17. Be3 f6 18. Rad1 f5 19. g3 Na7 20. Bg5 Rc8 21. Rc1 Rxc1
22. Rxc1 Rc8 23. Qd2 Bf8 24. Rxc8 Qxc8 25. Kg2 h6 26. Be3 Qc4 27. Ne1 Nb5 28.
Nc2 Qb3 29. Qc1 Qc3 30. h3 Qd3 31. Qd2 Qxd2 32. Bxd2 Kf7 33. g4 Ne7 34. Ng3 g6
35. Ne2 Nc6 36. Kf3 Nba7 37. Nc1 b6 38. Ne2 Nc8 39. Nc3 b5 40. a4 Nxb4 41. Nxb4
Bxb4 42. axb5 fxg4+ 43. hxg4 Bxc3 44. Bxc3 axb5 45. Ke2 Ne7 46. f3 Nc6 47. Kd3
b4 48. Bd2 h5 49. Be1 b3 50. Bf2 Nb4+ 0-1

[Event "Bundesliga 9495"]
[Site "Deutschland"]
[Date "1994.??.??"]
[Round "?.7"]
[White "Seul, Georg"]
[Black "Quendro, Llambi"]
[Result "1/2-1/2"]
[WhiteElo "2435"]
[BlackElo "2300"]
[PlyCount "64"]
[EventDate "1994.10.??"]
[EventType "team"]
[EventRounds "15"]
[EventCountry "GER"]
[SourceTitle "Bundesliga 9495"]
[Source "DeepChess"]
[SourceDate "2005.01.01"]
[SourceVersion "1"]
[SourceVersionDate "2005.01.01"]
[SourceQuality "1"]
[WhiteTeam "SG 1868 Aljech. Solingen"]
[BlackTeam "SV 1920 Hofheim"]
[WhiteTeamCountry "GER"]
[BlackTeamCountry "GER"]

1. d4 c5 2. d5 e5 3. e4 d6 4. Nc3 Be7 5. Nf3 Nf6 6. Be2 O-O 7. O-O Ne8 8. Nd2
Bg5 9. Nc4 Nd7 10. a4 g6 11. a5 Qe7 12. Ra3 Bxc1 13. Qxc1 f5 14. exf5 gxf5 15.
f4 exf4 16. Qxf4 Ne5 17. Raa1 Bd7 18. Rae1 Ng7 19. Nxe5 Qxe5 20. Bb5 Qxf4 21.
Rxf4 Rad8 22. a6 bxa6 23. Bxa6 Rfe8 24. Rff1 Rxe1 25. Rxe1 Ne8 26. Bc4 Kf7 27.
Ra1 Ra8 28. Ra6 Ke7 29. Kf2 Nc7 30. Ra3 a6 31. Ne2 Bb5 32. Bxb5 axb5 1/2-1/2

[Event "Bundesliga 9495"]
[Site "Deutschland"]
[Date "1994.??.??"]
[Round "?.8"]
[White "Buchal, Stephan"]
[Black "Schmidt, Bodo"]
[Result "1-0"]
[WhiteElo "2360"]
[BlackElo "2365"]
[PlyCount "87"]
[EventDate "1994.10.??"]
[EventType "team"]
[EventRounds "15"]
[EventCountry "GER"]
[SourceTitle "Bundesliga 9495"]
[Source "DeepChess"]
[SourceDate "2005.01.01"]
[SourceVersion "1"]
[SourceVersionDate "2005.01.01"]
[SourceQuality "1"]
[WhiteTeam "SV 1920 Hofheim"]
[BlackTeam "SG 1868 Aljech. Solingen"]
[WhiteTeamCountry "GER"]
[BlackTeamCountry "GER"]

1. g3 d5 2. Bg2 Nf6 3. d3 c6 4. f4 g6 5. Nf3 Bg7 6. Nc3 O-O 7. O-O Nbd7 8. e4
dxe4 9. dxe4 e5 10. f5 b5 11. a3 a5 12. Qe1 b4 13. axb4 Ba6 14. b5 cxb5 15. Nd5
b4 16. Rf2 Nxd5 17. exd5 e4 18. Ng5 Nf6 19. fxg6 hxg6 20. Be3 Ng4 21. Nxe4 Re8
22. d6 f5 23. Bg5 Qd7 24. Rf4 Rxe4 25. Rxe4 fxe4 26. h3 Bd4+ 27. Kh1 Nf2+ 28.
Kh2 Qxd6 29. Rxa5 Rf8 30. Qa1 Bb7 31. Qa2+ Kh8 32. Qc4 Rf5 33. Rxf5 gxf5 34. c3
Be5 35. Qf7 Bxg3+ 36. Kg1 Qd1+ 37. Bf1 Nxh3+ 38. Kg2 Nxg5 39. Qh5+ Nh7 40. Qxd1
Bh4 41. Qd7 bxc3 42. bxc3 f4 43. Qxb7 Nf6 44. Qb8+ 1-0

[Event "Bundesliga 9495"]
[Site "Deutschland"]
[Date "1995.??.??"]
[Round "?.1"]
[White "Van der Sterren, Paul"]
[Black "Chandler, Murray G"]
[Result "1-0"]
[WhiteElo "2560"]
[BlackElo "2535"]
[PlyCount "65"]
[EventDate "1994.10.??"]
[EventType "team"]
[EventRounds "15"]
[EventCountry "GER"]
[SourceTitle "Bundesliga 9495"]
[Source "DeepChess"]
[SourceDate "2005.01.01"]
[SourceVersion "1"]
[SourceVersionDate "2005.01.01"]
[SourceQuality "1"]
[WhiteTeam "SV Castrop Rauxel 1923"]
[BlackTeam "SG 1868 Aljech. Solingen"]
[WhiteTeamCountry "GER"]
[BlackTeamCountry "GER"]

1. d4 Nf6 2. c4 e6 3. Nf3 Bb4+ 4. Bd2 c5 5. Bxb4 cxb4 6. g3 O-O 7. Bg2 d6 8.
O-O Re8 9. a3 Nc6 10. d5 exd5 11. cxd5 Ne7 12. Ne1 Qa5 13. Nc2 bxa3 14. Rxa3
Qb6 15. Nc3 Qxb2 16. Qb1 Qxb1 17. Rxb1 Rd8 18. Ne3 Ne8 19. Nc4 Nc7 20. e4 f6
21. f4 Ng6 22. Nb5 Nxb5 23. Rxb5 Kf8 24. h4 Ne7 25. Bf3 g6 26. Kf2 h5 27. Ke3
Ng8 28. Nb6 Rb8 29. Rxa7 Nh6 30. Nc4 Rd7 31. Rb6 Ke7 32. Kd4 Nf7 33. g4 $138
1-0

[Event "Bundesliga 9495"]
[Site "Deutschland"]
[Date "1995.??.??"]
[Round "?.2"]
[White "Norwood, David"]
[Black "King, Daniel J"]
[Result "0-1"]
[WhiteElo "2545"]
[BlackElo "2500"]
[PlyCount "74"]
[EventDate "1994.10.??"]
[EventType "team"]
[EventRounds "15"]
[EventCountry "GER"]
[SourceTitle "Bundesliga 9495"]
[Source "DeepChess"]
[SourceDate "2005.01.01"]
[SourceVersion "1"]
[SourceVersionDate "2005.01.01"]
[SourceQuality "1"]
[WhiteTeam "SG 1868 Aljech. Solingen"]
[BlackTeam "SV Castrop Rauxel 1923"]
[WhiteTeamCountry "GER"]
[BlackTeamCountry "GER"]

1. Nf3 Nf6 2. b3 g6 3. Bb2 Bg7 4. g3 O-O 5. Bg2 d6 6. O-O e5 7. c4 c5 8. Nc3
Nc6 9. a3 h6 10. Ne1 Be6 11. Nd5 Qd7 12. Nd3 Bh3 13. b4 Bxg2 14. Kxg2 Nxd5 15.
cxd5 c4 16. Nc1 Ne7 17. e4 f5 18. f3 Rf7 19. Qe2 Raf8 20. Na2 g5 21. Nc3 g4 22.
fxg4 f4 23. Kh1 Ng6 24. Qxc4 fxg3 25. Rf5 gxh2 26. Raf1 Nf4 27. Bc1 h5 28. gxh5
Rxf5 29. exf5 Qxf5 30. Qe4 Qh3 31. Qf3 Qh4 32. Qf2 Qxh5 33. Ne4 Qf7 34. Qg3
Qxd5 35. d3 Qxd3 36. Rxf4 Qd1+ 37. Kxh2 exf4 0-1